| 000 | 00731nam a22002177a 4500 | ||
|---|---|---|---|
| 999 |
_c10461 _d10461 |
||
| 003 | AR-CdUCM | ||
| 008 | 190401b ||||| |||| 00| 0 spa d | ||
| 040 |
_aMUNICIPALIDAD PROVINCIAL DEL CUSCO _cBIBLIOTECA MUNICIPAL DEL CUSCO |
||
| 082 |
_aES / 800 / _bG15 |
||
| 110 |
_aEdiciones Cultura Peruana _927330 |
||
| 245 | _aLos Gallinazos sin Plumas y Otros Cuentos Peruanos / | ||
| 260 |
_aLima : _bEdiciones Cultura Peruana ; _c2001. |
||
| 300 |
_a157 páginas ; _c16cm |
||
| 440 |
_aColección Pequeña Biblioteca Escolar _927331 |
||
| 505 | _aContenido: Cuentos | ||
| 650 |
_aLiteratura peruana _97175 |
||
| 650 |
_aLiteratura juvenil _91580 |
||
| 650 |
_aCuentos peruanos _911293 |
||
| 942 |
_2ddc _cLIBROS |
||
| 945 | _anom | ||